000 01015nam a2200217 i 4500
001 153021
003 ES-MaACL
005 20250804063428.0
008 980518s1891 sp |||| | spa d
080 _a726.71(460.186 Santa María de Huerta)
100 1 _aGarcía, Juan Catalina,
_d1845-1911
_954060
245 1 0 _aSanta María de Huerta
_b: historia y descripción /
_cpor J.C.G.
260 _aMadrid :
_b[s.n.],
_c1891 (
_fMinuesa de los Ríos)
300 _a78 p. ;
_c21 cm.
530 _aDisponible en formato digital.
594 _aMonasterio de Santa María de Huerta; de la orden cisterciense, situado en Santa María de Huerta (Soria)
610 2 4 _aMonasterio de Santa María de Huerta.
_9159921
852 _aES-MaACL
_jT-555-F-6
_z- Enc. hol., conservando la enc. original
_z. - Dedicatoria autógrafa del autor
_z- Enc. en un vol. facticio
856 _uhttp://bibliotecadigital.jcyl.es/es/consulta/registro.cmd?id=3759
_zBiblioteca Digital de Castilla y León
999 _c153021
_d153021